|
|
|
|
| LEADER |
00000cam a2200000 a 4500 |
| 001 |
9996 |
| 003 |
Ucuenca |
| 005 |
20230308175717.0 |
| 008 |
964050|1963 sp |||||r|||||||||||spa|| |
| 040 |
|
|
|b spa
|
| 041 |
0 |
|
|a es
|
| 082 |
0 |
|
|a 616.8
|
| 100 |
1 |
|
|a Ortíz González, J. M.
|9 84677
|
| 245 |
|
|
|a Tumores del sistema nervioso
|c J. M. Ortíz González
|h imp
|
| 264 |
|
|
|a Madrid
|b Montecorvo
|c 1963
|
| 300 |
|
|
|a 136 páginas:
|b ilu
|c 25 cm
|
| 650 |
|
0 |
|a Sistema nervioso
|9 4588
|
| 650 |
|
0 |
|a Neoplasmas
|9 84678
|
| 852 |
|
|
|a UC-SALUD
|f Compra
|l 1
|m General
|p 19640504
|q S/. 53,75
|t 9996
|b 0
|d CDRS
|e CDRS
|g 616.8 9996
|z 1964-40-50
|
| 942 |
|
|
|c BK
|2 ddc
|r daniel.carrión@ucuenca.edu.ec
|
| 999 |
|
|
|c 50794
|d 50794
|